[Event "LSS No Engine Cup 109 Preliminary 0"]
[Site "LSS email"]
[Date "2014.04.26"]
[Round "?"]
[White "Ruslan, Simon"]
[Black "Cardoso do Espirito Santo, Rubens"]
[Result "0-1"]
[WhiteElo "1600"]
[BlackElo "2053"]
[PlyCount "26"]
[EventDate "2014.04.27"]
[EventType "tourn (corr)"]
[EventRounds "6"]
[EventCountry "GER"]
[SourceTitle "Corr 2022"]
[Source "ChessBase"]
[SourceDate "2021.10.24"]
[SourceVersion "1"]
[SourceVersionDate "2021.10.24"]
[SourceQuality "1"]

1. d4 Nf6 2. c4 g6 3. Nc3 d5 4. cxd5 Nxd5 5. e4 Nxc3 6. bxc3 Bg7 7. Nf3 b6 8. Bb5+ Bd7 9. Be2 c5 10. 0-0 Bc6 11. d5 Bb7 12. Rb1 0-0 13. h4 Bxc3 0-1

[Event "LSS No Engine Cup 109 Preliminary 0"]
[Site "LSS email"]
[Date "2014.04.26"]
[Round "?"]
[White "Ruslan, Simon"]
[Black "Glowinski, Daniel"]
[Result "0-1"]
[WhiteElo "1600"]
[BlackElo "1801"]
[PlyCount "26"]
[EventDate "2014.04.27"]
[EventType "tourn (corr)"]
[EventRounds "6"]
[EventCountry "GER"]
[SourceTitle "Corr 2022"]
[Source "ChessBase"]
[SourceDate "2021.10.24"]
[SourceVersion "1"]
[SourceVersionDate "2021.10.24"]
[SourceQuality "1"]

1. d4 Nf6 2. c4 g6 3. Nc3 Bg7 4. e4 d6 5. Be2 0-0 6. Bg5 c5 7. d5 h6 8. Be3 Qa5 9. Qd2 Kh7 10. h3 Nbd7 11. Nf3 Qb4 12. a3 Qb3 13. Rb1 Nb6 0-1

[Event "RF-2014-0-00183"]
[Site "LSS email"]
[Date "2014.04.24"]
[Round "?"]
[White "Barros Uriburu, Nicolas"]
[Black "Ruslan, Simon"]
[Result "1-0"]
[WhiteElo "1106"]
[BlackElo "800"]
[PlyCount "53"]
[EventDate "2014.03.04"]
[EventType "tourn (corr)"]
[EventRounds "6"]
[EventCountry "GER"]
[SourceTitle "Corr 2022"]
[Source "ChessBase"]
[SourceDate "2021.10.24"]
[SourceVersion "1"]
[SourceVersionDate "2021.10.24"]
[SourceQuality "1"]

1. e4 e5 2. f4 exf4 3. Nf3 Ne7 4. d4 d5 5. e5 Ng6 6. Bd3 c5 7. Bxg6 hxg6 8. Bxf4 Nc6 9. c3 Bg4 10. 0-0 Qb6 11. h3 Bxf3 12. Qxf3 cxd4 13. Kh2 Bc5 14. b4 Be7 15. Qxd5 0-0 16. Bg3 Rad8 17. Qb3 dxc3 18. Nxc3 Qxb4 19. Nd5 Qxb3 20. Nxe7+ Nxe7 21. axb3 Nc6 22. b4 a6 23. Rab1 Rd5 24. b5 Rxb5 25. Rxb5 axb5 26. Rb1 b4 27. e6 1-0

[Event "RF-2014-0-00183"]
[Site "LSS email"]
[Date "2014.04.24"]
[Round "?"]
[White "Ruslan, Simon"]
[Black "Amuso, Jose Alberto"]
[Result "1-0"]
[WhiteElo "800"]
[BlackElo "1071"]
[PlyCount "49"]
[EventDate "2014.03.04"]
[EventType "tourn (corr)"]
[EventRounds "6"]
[EventCountry "GER"]
[SourceTitle "Corr 2022"]
[Source "ChessBase"]
[SourceDate "2021.10.24"]
[SourceVersion "1"]
[SourceVersionDate "2021.10.24"]
[SourceQuality "1"]

1. d4 d5 2. c4 dxc4 3. e4 e5 4. Nf3 exd4 5. Bxc4 Nc6 6. 0-0 Nf6 7. Ng5 Ne5 8. Bb3 h6 9. f4 Bg4 10. Qe1 Nd3 11. Bxf7+ Ke7 12. Qa5 hxg5 13. fxg5 Kxf7 14. gxf6 gxf6 15. Bg5 Be7 16. e5 Be2 17. Nd2 Bxf1 18. Rxf1 Nxb2 19. Qb5 Nd1 20. Qb3+ Kg6 21. Bxf6 Ne3 22. Qd3+ Kh6 23. Rf4 Bxf6 24. Rxf6+ Kg5 25. Qg6+ 1-0

[Event "RF-2014-0-00183"]
[Site "LSS email"]
[Date "2014.04.24"]
[Round "?"]
[White "Ruslan, Simon"]
[Black "Schoenbuchner, Gert"]
[Result "0-1"]
[WhiteElo "800"]
[BlackElo "1149"]
[PlyCount "52"]
[EventDate "2014.03.04"]
[EventType "tourn (corr)"]
[EventRounds "6"]
[EventCountry "GER"]
[SourceTitle "Corr 2022"]
[Source "ChessBase"]
[SourceDate "2021.10.24"]
[SourceVersion "1"]
[SourceVersionDate "2021.10.24"]
[SourceQuality "1"]

1. d4 e5 2. dxe5 Nc6 3. Nf3 Nge7 4. Bf4 Ng6 5. Bg3 Qe7 6. Nc3 Ngxe5 7. Nd5 Qd6 8. Nxe5 Nxe5 9. Qd4 f6 10. 0-0-0 Be7 11. Nxe7 Qxd4 12. Rxd4 Kxe7 13. e4 d6 14. Be2 Be6 15. b3 Rhd8 16. h3 Nc6 17. Rd2 Kf8 18. Rhd1 Rd7 19. Kb2 a5 20. a3 Rad8 21. Bb5 Ke7 22. Rd3 Kf7 23. Rc3 Re7 24. Bxc6 bxc6 25. Rxc6 f5 26. Bh4 fxe4 0-1

[Event "ZL-2014-0-01435"]
[Site "LSS email"]
[Date "2014.04.23"]
[Round "?"]
[White "Chavez, Carlos"]
[Black "Ruslan, Simon"]
[Result "1-0"]
[WhiteElo "1000"]
[BlackElo "1182"]
[PlyCount "29"]
[EventDate "2014.04.17"]
[EventType "match (corr)"]
[EventRounds "2"]
[EventCountry "GER"]
[SourceTitle "Corr 2022"]
[Source "ChessBase"]
[SourceDate "2021.10.24"]
[SourceVersion "1"]
[SourceVersionDate "2021.10.24"]
[SourceQuality "1"]

1. e4 e5 2. Nf3 Nc6 3. d4 exd4 4. Bc4 Bc5 5. c3 Nf6 6. cxd4 Bb4+ 7. Bd2 Nxe4 8. Bxb4 Nxb4 9. 0-0 d5 10. Bb3 0-0 11. Nc3 Bg4 12. h3 Bh5 13. a3 Nxc3 14. bxc3 Nc6 15. Re1 1-0

[Event "ZN-2014-0-02649"]
[Site "LSS email"]
[Date "2014.03.12"]
[Round "?"]
[White "Salinas, Evin"]
[Black "Ruslan, Simon"]
[Result "0-1"]
[WhiteElo "740"]
[BlackElo "1168"]
[PlyCount "40"]
[EventDate "2014.03.05"]
[EventType "match (corr)"]
[EventRounds "2"]
[EventCountry "GER"]
[SourceTitle "Telechess CBM 167"]
[Source "ChessBase"]
[SourceDate "2015.07.13"]
[SourceVersion "1"]
[SourceVersionDate "2015.07.13"]
[SourceQuality "1"]

1. d4 Nf6 2. c4 g6 3. Nc3 d5 4. e3 Bg7 5. Bd3 c5 6. Nf3 0-0 7. cxd5 cxd4 8. Nxd4 Nxd5 9. Qc2 Nb4 10. Qb1 Nxd3+ 11. Qxd3 e5 12. b3 exd4 13. 0-0 dxc3 14. Qc2 Nc6 15. Ba3 Re8 16. Rad1 Qa5 17. Bc1 Bf5 18. e4 Bxe4 19. Qe2 Bxg2 20. Qxe8+ Rxe8 0-1

[Event "RN-2014-0-00763"]
[Site "LSS email"]
[Date "2014.02.12"]
[Round "?"]
[White "Venturas, Bob"]
[Black "Ruslan, Simon"]
[Result "0-1"]
[WhiteElo "736"]
[BlackElo "1168"]
[PlyCount "54"]
[EventDate "2014.01.29"]
[EventType "tourn (corr)"]
[EventRounds "6"]
[EventCountry "GER"]
[SourceTitle "Telechess CBM 167"]
[Source "ChessBase"]
[SourceDate "2015.07.13"]
[SourceVersion "1"]
[SourceVersionDate "2015.07.13"]
[SourceQuality "1"]

1. e4 e5 2. Nf3 Nc6 3. a3 Nf6 4. Nc3 d5 5. Qe2 d4 6. Na2 a5 7. Qb5 Bd6 8. Nxe5 Bxe5 9. Qe2 0-0 10. d3 Bd6 11. Bg5 Be7 12. Bd2 Nd7 13. Qg4 f5 14. exf5 Nc5 15. Bh6 Rf7 16. Bd2 Bxf5 17. Qd1 Bh4 18. g3 Re7+ 19. Be2 Bg4 20. Nc1 Bf6 21. 0-0 Bh3 22. Re1 Ne5 23. Bf3 Nxf3+ 24. Qxf3 Rxe1+ 25. Bxe1 Qe7 26. Ne2 Re8 27. Nf4 Qxe1+ 0-1

[Event "OP-2014-0-03281"]
[Site "LSS email"]
[Date "2014.02.07"]
[Round "?"]
[White "Heiser, Jerome"]
[Black "Ruslan, Simon"]
[Result "0-1"]
[WhiteElo "830"]
[BlackElo "800"]
[PlyCount "56"]
[EventDate "2014.02.02"]
[EventType "tourn (corr)"]
[EventRounds "4"]
[EventCountry "GER"]
[SourceTitle "Corr 2022"]
[Source "ChessBase"]
[SourceDate "2021.10.24"]
[SourceVersion "1"]
[SourceVersionDate "2021.10.24"]
[SourceQuality "1"]

1. e4 e5 2. Nf3 Nc6 3. d4 exd4 4. Nxd4 Nf6 5. Nxc6 bxc6 6. Nc3 Bc5 7. Bc4 0-0 8. 0-0 Re8 9. Re1 d6 10. h3 h6 11. Be3 Bb6 12. a4 Rb8 13. b3 Ba5 14. Bd2 Be6 15. Qf3 Bxc4 16. bxc4 Nd7 17. Qg3 Re6 18. Re3 Ne5 19. Qh2 Nxc4 20. Rd1 Nxe3 21. fxe3 Rb2 22. Rc1 Qf6 23. e5 Qxe5 24. Qxe5 Rxe5 25. g4 Rc5 26. Ne4 Bxd2 27. Nxd2 Rcxc2 28. Nb3 Rxc1+ 0-1